[Event "American Cup Blitz 2026"]
[Site "Saint Louis USA"]
[Date "2026.03.02"]
[Round "4.9"]
[White "Durarbayli, Vasif"]
[Black "Harsha, Bharathakoti"]
[Result "1-0"]
[WhiteTitle "GM"]
[BlackTitle "GM"]
[WhiteElo "2612"]
[BlackElo "2538"]
[WhiteFideId "13402935"]
[BlackFideId "5078776"]
[EventDate "2026.03.02"]

1. e4 c5 2. Nf3 d6 3. d4 cxd4 4. Nxd4 Nf6 5. Nc3 Nc6 6. Be2 e5 7. Nf3 h6 8. O-O
Be7 9. a4 O-O 10. Re1 a5 11. h3 Nb4 12. Bf1 Be6 13. Nb5 Rc8 14. c3 Na6 15. Nd2
Nc5 16. c4 Nfd7 17. Nb1 Na6 18. b3 Ndc5 19. N1c3 Nb4 20. Ba3 Qb6 21. Re3 Rcd8
22. Bxb4 axb4 23. Nd5 Bxd5 24. Qxd5 Qc6 25. Rb1 Rd7 26. g3 Bd8 27. h4 Bb6 28.
Rd1 Ne6 29. Red3 Bc5 30. Bh3 Re8 31. Rf3 Rde7 32. Qd3 Nd4 33. Nxd4 Bxd4 34. h5
Qc5 35. Kg2 Qc7 36. Rf5 Qd8 37. Qf3 Qc7 38. Kh2 Re6 39. Kg2 Qe7 40. Rd3 b6 41.
Qd1 Rf6 42. Rdf3 Rxf5 43. Rxf5 Qd8 44. Qd2 Re6 45. Qxb4 Bc5 46. Qd2 Rf6 47. b4
Rxf5 48. Bxf5 Bd4 49. a5 bxa5 50. bxa5 Qc7 51. Qa2 Kf8 52. a6 Ke7 53. Qa4 Qa7
54. Qa2 Kf6 55. Qa3 Bc5 56. Qa2 g6 57. hxg6 fxg6 58. Bc8 h5 59. Qe2 Qc7 60. Qf3+
Kg7 61. Bb7 Qf7 62. Qe2 Qf6 63. Qa2 Ba7 64. c5 dxc5 65. Qc4 Qd6 66. Bd5 Qb6 67.
Bg8 Qc7 68. Be6 Qe7 69. Bd5 Qc7 70. f3 Qe7 71. Qb5 c4 72. Bxc4 Qc5 73. Qxc5 Bxc5
74. Kf1 g5 75. Bb5 Kf6 76. Kg2 Ke7 77. Kh3 Bb6 78. Bc4 Bc5 79. Bg8 Bb6 80. Bh7
Kf6 81. Bf5 Ba7 82. Bc8 Bc5 83. Bd7 Ke7 84. Bc6 Ba7 85. Kg2 Bb6 86. Kf1 Ba7 87.
Ke2 h4 88. gxh4 gxh4 89. f4 exf4 90. Kf3 h3 91. e5 Be3 92. Bd5 h2 93. Kg4 Kd7
94. Kf5 Ke7 95. Bf3 Kf7 96. Bh1 Ke7 97. Bd5 Kd7 98. Kf6 Bd4 99. Bf3 Kc7 100. Kf5
Bxe5 101. a7 1-0

[Event "American Cup Blitz 2026"]
[Site "Saint Louis USA"]
[Date "2026.03.02"]
[Round "4.10"]
[White "Kuru, Atilla"]
[Black "Cordova, Emilio"]
[Result "0-1"]
[WhiteTitle "IM"]
[BlackTitle "GM"]
[WhiteElo "2450"]
[BlackElo "2494"]
[WhiteFideId "51607948"]
[BlackFideId "3801497"]
[EventDate "2026.03.02"]

1. e4 c5 2. Nc3 a6 3. g3 b5 4. Bg2 Bb7 5. Nge2 e6 6. O-O b4 7. Na4 Nf6 8. d4
cxd4 9. Nxd4 Bxe4 10. Bxe4 Nxe4 11. Re1 d5 12. Qh5 Qf6 13. Be3 Nd7 14. f3 Nec5
15. Nxc5 Nxc5 16. Nc6 Qg6 17. Qe5 Rc8 18. Nxb4 Nd7 19. Qd4 Rc4 20. Qa7 Rxb4 21.
Qxa6 Rb8 22. Qc6 Bb4 23. c3 Ba5 24. Ba7 Bb6+ 25. Bxb6 Rxb6 26. Qxd5 Rxb2 27.
Qa8+ Rb8 28. Qd5 Ke7 29. Rad1 Rhd8 30. Qd6+ Ke8 31. a4 Qf6 32. Rd4 Qe7 33. Qf4
Nf6 34. a5 Qa7 35. Qg5 Rxd4 36. cxd4 Qxd4+ 37. Kh1 Qf2 38. Rc1 Rb2 0-1

[Event "American Cup Blitz 2026"]
[Site "Saint Louis USA"]
[Date "2026.03.02"]
[Round "4.11"]
[White "Kevlishvili, Robby"]
[Black "Fier, Alexandr"]
[Result "1-0"]
[WhiteTitle "GM"]
[BlackTitle "GM"]
[WhiteElo "2527"]
[BlackElo "2572"]
[WhiteFideId "1040634"]
[BlackFideId "2107139"]
[EventDate "2026.03.02"]

1. e4 e5 2. Nf3 Nc6 3. Bb5 a6 4. Ba4 Bc5 5. c3 Nge7 6. d4 exd4 7. cxd4 Bb4+ 8.
Bd2 Bxd2+ 9. Nbxd2 d5 10. e5 O-O 11. O-O f6 12. h3 fxe5 13. dxe5 Ng6 14. Re1 Nf4
15. Nf1 Ne7 16. Ng3 c6 17. Bc2 Neg6 18. Nd4 c5 19. Nde2 Bxh3 20. Nxf4 Nxf4 21.
gxh3 Nxh3+ 22. Kg2 Nf4+ 23. Kf1 Qh4 24. Qf3 Nh3 25. Nf5 Qf4 26. Qxh3 g6 27. e6
Rae8 28. Rad1 gxf5 29. Rxd5 Qc4+ 30. Qd3 Qh4 31. Qg3+ 1-0

[Event "American Cup Blitz 2026"]
[Site "Saint Louis USA"]
[Date "2026.03.02"]
[Round "4.12"]
[White "Kiolbasa, Oliwia"]
[Black "Oparin, Grigoriy"]
[Result "0-1"]
[WhiteTitle "IM"]
[BlackTitle "GM"]
[WhiteElo "2397"]
[BlackElo "2658"]
[WhiteFideId "1154613"]
[BlackFideId "24125890"]
[EventDate "2026.03.02"]

1. e4 c6 2. d4 d5 3. e5 Bf5 4. Ne2 e6 5. Ng3 Bg6 6. h4 h6 7. h5 Bh7 8. Bd3 Bxd3
9. Qxd3 c5 10. c3 cxd4 11. cxd4 Qa5+ 12. Nc3 Bb4 13. Bd2 Bxc3 14. Bxc3 Qa6 15.
Ke2 Ne7 16. Rhd1 Kd7 17. Rac1 Qxd3+ 18. Rxd3 Nbc6 19. f4 g6 20. Rh1 Rag8 21. Kf2
Rh7 22. Nf1 b5 23. Ne3 gxh5 24. Rxh5 b4 25. Bd2 a5 26. Kf3 Rhg7 27. Rxh6 Rg3+
28. Ke2 Rxg2+ 29. Nxg2 Rxg2+ 30. Kf1 Rg7 31. Rh2 Nf5 32. Be3 Rg3 33. Kf2 Rg8 34.
Rg2 Rc8 35. Ke2 Nce7 36. Kd2 Rh8 37. Bf2 Ng6 38. Rf3 Rh1 39. a3 Kc6 40. axb4
axb4 41. Kc2 Kb5 42. Kb3 Rd1 43. Rg1 Rd2 44. Re1 0-1

[Event "American Cup Blitz 2026"]
[Site "Saint Louis USA"]
[Date "2026.03.02"]
[Round "4.13"]
[White "Tari, Aryan"]
[Black "Munkhdalai, Amilal"]
[Result "0-1"]
[WhiteTitle "GM"]
[BlackTitle "IM"]
[WhiteElo "2642"]
[BlackElo "2455"]
[WhiteFideId "1510045"]
[BlackFideId "4903250"]
[EventDate "2026.03.02"]

1. e4 c5 2. Nf3 d6 3. Bb5+ Nd7 4. O-O a6 5. Bxd7+ Bxd7 6. c3 Nf6 7. Re1 e6 8. d4
cxd4 9. cxd4 d5 10. e5 Ne4 11. Nbd2 Bc6 12. Nxe4 dxe4 13. Ng5 Be7 14. Nxe4 O-O
15. Qg4 Kh8 16. Bg5 Bxg5 17. Nxg5 h6 18. Nh3 Rc8 19. Rad1 Bd5 20. a3 Rc2 21. Re2
Rxe2 22. Qxe2 Qh4 23. f3 Rc8 24. Qd3 Rc4 25. Nf2 Qf4 26. Ne4 Rc1 27. Nc3 Bb3 28.
Rf1 Rxf1+ 29. Kxf1 Qc1+ 30. Kf2 Qxb2+ 31. Kg3 Qxa3 32. Ne4 Qb4 33. Nd6 Kg8 34.
h3 Bd5 35. Qe3 Qa5 36. Qc1 Bc6 37. Kh2 Qc7 38. Qf4 Qe7 39. Qd2 Qg5 40. f4 Qg6
41. f5 Qg5 42. Qf2 Bd5 43. f6 gxf6 44. exf6 a5 45. Nc8 Kh7 46. Ne7 Be4 47. Qe1
Qxg2# 0-1

[Event "American Cup Blitz 2026"]
[Site "Saint Louis USA"]
[Date "2026.03.02"]
[Round "4.14"]
[White "Mikaelyan, Arman"]
[Black "Aryan, Chopra"]
[Result "1-0"]
[WhiteTitle "GM"]
[BlackTitle "GM"]
[WhiteElo "2494"]
[BlackElo "2631"]
[WhiteFideId "13304852"]
[BlackFideId "5084423"]
[EventDate "2026.03.02"]

1. d4 d6 2. Nf3 Nf6 3. g3 g6 4. Bg2 Bg7 5. O-O O-O 6. a4 Nc6 7. a5 e5 8. dxe5
dxe5 9. a6 e4 10. Ng5 Qe7 11. Bd2 h6 12. Nh3 bxa6 13. Nc3 Re8 14. Nf4 Bf5 15.
Nfd5 Nxd5 16. Nxd5 Qd7 17. Bxh6 Bxb2 18. c3 Re6 19. Ra2 Rd6 20. Rxb2 Rxd5 21.
Qa1 Kh7 22. Bf4 Ra5 23. Qc1 Rd8 24. Rb7 Ne5 25. c4 Qc6 26. Rxa7 Qxc4 27. Qxc4
Nxc4 28. Rxc7 Ne5 29. Bxe5 Rxe5 30. Rxf7+ Kh6 31. h3 a5 32. Rc1 Rd7 33. Rxd7
Bxd7 34. Rc7 Bb5 35. e3 a4 36. Ra7 Bc6 37. h4 Rc5 38. g4 g5 39. Ra6 Kg7 40. hxg5
Rc2 41. Kh2 Bb5 42. Ra7+ Kg8 43. Kg3 Bc6 44. g6 Rd2 45. g5 Rd6 46. Kf4 Rxg6 47.
Bxe4 Bxe4 48. Kxe4 Rxg5 49. Rxa4 Kf7 50. f4 Rb5 51. Ra7+ Kf6 52. Ra6+ Kf7 53.
Kf3 Rb3 54. f5 Rb1 55. Kf4 Rb4+ 56. e4 Rb1 57. Ra7+ Kf8 58. e5 1-0

[Event "American Cup Blitz 2026"]
[Site "Saint Louis USA"]
[Date "2026.03.02"]
[Round "4.15"]
[White "Warmerdam, Max"]
[Black "Budisavljevic, Luka"]
[Result "1-0"]
[WhiteTitle "GM"]
[BlackTitle "GM"]
[WhiteElo "2580"]
[BlackElo "2501"]
[WhiteFideId "1048104"]
[BlackFideId "960047"]
[EventDate "2026.03.02"]

1. Nf3 Nf6 2. c4 e6 3. b3 d5 4. Bb2 c5 5. cxd5 exd5 6. g3 Nc6 7. Bg2 d4 8. O-O
Be7 9. Na3 O-O 10. Nc4 Re8 11. e3 Bf8 12. exd4 cxd4 13. Re1 Rxe1+ 14. Qxe1 Be6
15. Nce5 Nxe5 16. Qxe5 d3 17. Rc1 Rc8 18. Rxc8 Qxc8 19. Ne1 Qd7 20. Qd4 Qxd4 21.
Bxd4 b6 22. Nxd3 Bf5 23. Nc1 Bb4 24. Bc3 Ba3 25. Ne2 Bd3 26. Nd4 Bc5 27. b4 Bf8
28. Nc6 a6 29. Bf1 Bxf1 30. Kxf1 Nd5 31. Ke2 Bd6 32. Kd3 f6 33. a4 Kf7 34. b5
axb5 35. axb5 Nc7 36. Kc4 Bc5 1-0

[Event "American Cup Blitz 2026"]
[Site "Saint Louis USA"]
[Date "2026.03.02"]
[Round "4.16"]
[White "Bharath, Subramaniyam H"]
[Black "Rosen, Eric"]
[Result "1-0"]
[WhiteTitle "GM"]
[BlackTitle "IM"]
[WhiteElo "2595"]
[BlackElo "2377"]
[WhiteFideId "46634827"]
[BlackFideId "2032562"]
[EventDate "2026.03.02"]

1. e4 c5 2. Nf3 Nc6 3. d4 cxd4 4. Nxd4 Nf6 5. Nc3 d6 6. f3 g6 7. Be3 Bg7 8. Qd2
h5 9. Be2 a6 10. a4 Bd7 11. O-O Rc8 12. Rad1 Nxd4 13. Bxd4 Bc6 14. Qe3 O-O 15.
f4 Qa5 16. f5 Kh7 17. Qg5 e5 18. Be3 Bxe4 19. Rxd6 Rc6 20. Rxf6 Bxf6 21. Qh6+
Kg8 22. Nxe4 Bg7 23. Qg5 gxf5 24. Qxf5 Rg6 25. Bxh5 Qd5 26. Bxg6 fxg6 27. Qxg6
Rxf1+ 28. Kxf1 Qd1+ 29. Kf2 Qxc2+ 30. Kg3 Kh8 31. Qe8+ Kh7 32. Ng5+ Kh6 33. Ne6+
Kh7 34. Qf7 Qg6+ 35. Qxg6+ 1-0

[Event "American Cup Blitz 2026"]
[Site "Saint Louis USA"]
[Date "2026.03.02"]
[Round "4.17"]
[White "Stremavicius, Titas"]
[Black "Kavutskiy, Kostya"]
[Result "1-0"]
[WhiteTitle "GM"]
[BlackTitle "IM"]
[WhiteElo "2547"]
[BlackElo "2330"]
[WhiteFideId "12804444"]
[BlackFideId "2026384"]
[EventDate "2026.03.02"]

1. d4 Nf6 2. Nf3 g6 3. Nbd2 Bg7 4. e4 d6 5. Bb5+ c6 6. Bd3 O-O 7. O-O c5 8. c3
cxd4 9. cxd4 a5 10. Re1 Nc6 11. d5 Nb4 12. Bf1 Nd7 13. a3 Na6 14. Nb3 Nac5 15.
Nbd4 Ne5 16. Nxe5 Bxe5 17. Be3 Bd7 18. Rb1 a4 19. Nf3 Bg4 20. h3 Bxf3 21. Qxf3
Qd7 22. Qe2 Rfc8 23. f4 Bg7 24. Bf2 Rab8 25. Qb5 Qxb5 26. Bxb5 Nb3 27. Bxa4 Nd2
28. Rbd1 Nc4 29. Bb5 Nxb2 30. Rc1 Ra8 31. Rxc8+ Rxc8 32. e5 Nc4 33. Rc1 Nb6 34.
Rxc8+ Nxc8 35. Bd7 1-0

[Event "American Cup Blitz 2026"]
[Site "Saint Louis USA"]
[Date "2026.03.02"]
[Round "4.18"]
[White "Akobian, Varuzhan"]
[Black "Pyrih, Roman"]
[Result "1-0"]
[WhiteTitle "GM"]
[BlackTitle "IM"]
[WhiteElo "2549"]
[BlackElo "2403"]
[WhiteFideId "13300580"]
[BlackFideId "14179156"]
[EventDate "2026.03.02"]

1. d4 d5 2. c4 e6 3. Nc3 Nf6 4. cxd5 exd5 5. Bg5 Be7 6. e3 h6 7. Bh4 Bg4 8. Be2
Bxe2 9. Ngxe2 c6 10. O-O O-O 11. Qc2 Re8 12. Rab1 a5 13. a3 Nbd7 14. Rfc1 Rc8
15. Bxf6 Nxf6 16. b4 axb4 17. axb4 b5 18. Nf4 Bd6 19. Nce2 Nd7 20. Qf5 Nb6 21.
Ng3 Qg5 22. Qxg5 hxg5 23. Nd3 Nc4 24. Ra1 Ra8 25. Ne2 f5 26. g3 Kf7 27. Kg2 Kf6
28. h3 g6 29. h4 gxh4 30. gxh4 Rh8 31. Nef4 Bxf4 32. exf4 Ra4 33. Nc5 Rxa1 34.
Rxa1 Rxh4 35. Nd3 Rg4+ 36. Kh3 g5 37. f3 Rh4+ 38. Kg3 Rh8 39. Ra6 Rc8 40. fxg5+
Kxg5 41. f4+ Kf6 42. Ne5 Nd6 43. Kf3 Ne4 44. Nxc6 Kf7 45. Ne5+ Ke7 46. Nc6+ Kd7
47. Ne5+ Ke7 48. Rb6 Rc3+ 49. Ke2 Ng3+ 50. Kd1 Nh5 51. Rxb5 Nxf4 52. Rb7+ Kf6
53. Rb6+ Kg5 54. b5 Rb3 55. Kc2 Ra3 56. Rb8 Ne2 57. Nc6 f4 58. b6 Ra6 59. Kd2
Ng3 60. b7 Ne4+ 61. Kd1 Rxc6 62. Rg8+ Kh4 63. b8=Q Rf6 64. Qe5 Nf2+ 65. Ke2 Ne4
66. Kf3 Nd2+ 67. Ke2 Ne4 68. Qe7 f3+ 69. Ke3 Kh5 70. Qh7+ Rh6 71. Qf5+ 1-0

[Event "American Cup Blitz 2026"]
[Site "Saint Louis USA"]
[Date "2026.03.02"]
[Round "4.19"]
[White "Tang, Zoey"]
[Black "Matviishen, Viktor"]
[Result "0-1"]
[WhiteTitle "FM"]
[BlackTitle "GM"]
[WhiteElo "2356"]
[BlackElo "2533"]
[WhiteFideId "30952530"]
[BlackFideId "14129850"]
[EventDate "2026.03.02"]

1. d4 Nf6 2. Nf3 e6 3. Bf4 d5 4. e3 c5 5. c4 Nc6 6. Nc3 dxc4 7. Bxc4 cxd4 8.
exd4 Be7 9. O-O O-O 10. a3 a6 11. Re1 b5 12. Ba2 b4 13. axb4 Nxb4 14. Bb3 Bb7
15. Ne5 Nbd5 16. Bg3 Rc8 17. Qd3 Qb6 18. Nxd5 Bxd5 19. Bxd5 Nxd5 20. Nd7 Qxb2
21. Nxf8 Bxf8 22. Reb1 Qc3 23. Qxc3 Nxc3 24. Rb2 a5 25. Rc2 Bb4 26. f3 Rd8 27.
Bc7 Rd5 28. Kf2 h6 29. Ke3 Kh7 30. Bg3 Kg6 31. Be1 Nb5 32. Bxb4 Nxd4 33. Rc4
Nf5+ 34. Ke2 axb4 35. Rxb4 Kf6 36. Rd1 Ra5 37. Rb2 g5 38. Rd7 h5 39. g3 Ra3 40.
Kf2 Kg6 41. Rc2 Rb3 42. Ra2 Rc3 43. Re2 Ra3 44. f4 g4 45. Kg2 h4 46. gxh4 Nxh4+
47. Kg1 Rf3 48. Rf2 Rh3 49. Ra7 Nf3+ 50. Kh1 Nh4 51. Ra1 Kf5 52. Ra4 f6 53. Rb2
Rc3 54. Rb1 Nf3 55. Rb5+ Kg6 56. Rb1 Rc2 57. f5+ exf5 0-1

[Event "American Cup Blitz 2026"]
[Site "Saint Louis USA"]
[Date "2026.03.02"]
[Round "4.20"]
[White "Kacharava, Nikolozi"]
[Black "Lee, Alice"]
[Result "1-0"]
[WhiteTitle "GM"]
[BlackTitle "IM"]
[WhiteElo "2501"]
[BlackElo "2399"]
[WhiteFideId "13611860"]
[BlackFideId "30941822"]
[EventDate "2026.03.02"]

1. b3 a5 2. a3 Nf6 3. Bb2 g6 4. Nf3 Bg7 5. g3 b6 6. Bg2 Bb7 7. c4 O-O 8. Nc3 e6
9. d3 d5 10. O-O d4 11. Nb5 c5 12. e3 dxe3 13. fxe3 Nc6 14. Ne5 Nxe5 15. Bxb7
Rb8 16. Bxe5 Rxb7 17. Qf3 Qxd3 18. Bxf6 Bxf6 19. Rad1 Qxb3 20. Qxb7 Qxe3+ 21.
Kh1 Bg5 22. Qf3 Qe5 23. Rd7 f5 24. Ra7 f4 25. Qb7 Be7 26. Qxe7 Qe4+ 27. Kg1 Qe3+
28. Kg2 Qe2+ 29. Rf2 Qe4+ 30. Rf3 Qc2+ 31. Kh3 1-0

[Event "American Cup Blitz 2026"]
[Site "Saint Louis USA"]
[Date "2026.03.02"]
[Round "4.21"]
[White "Dudin, Gleb"]
[Black "Li, Rachael"]
[Result "1-0"]
[WhiteTitle "GM"]
[BlackTitle "WIM"]
[WhiteElo "2596"]
[BlackElo "2358"]
[WhiteFideId "34184934"]
[BlackFideId "30929849"]
[EventDate "2026.03.02"]

1. e4 c5 2. c3 e6 3. Nf3 Nc6 4. Bb5 Nge7 5. O-O a6 6. Ba4 b5 7. Bc2 d6 8. d4
cxd4 9. cxd4 d5 10. e5 Ng6 11. Nc3 Be7 12. g3 Bd7 13. h4 f5 14. Ne2 Rc8 15. Be3
O-O 16. Qd2 Bb4 17. Qd3 Be7 18. a3 Na5 19. b3 Nc6 20. h5 Nh8 21. Kg2 Nf7 22. Rh1
Kh8 23. Nf4 Nh6 24. Ng6+ hxg6 25. hxg6 f4 26. Rxh6+ Kg8 27. Rh7 Bg5 28. Nxg5
Qxg5 29. Rah1 f3+ 30. Kg1 1-0

[Event "American Cup Blitz 2026"]
[Site "Saint Louis USA"]
[Date "2026.03.02"]
[Round "4.22"]
[White "Bilovil, Bogdan"]
[Black "Alexakis, Dimitris"]
[Result "0-1"]
[WhiteTitle "IM"]
[BlackTitle "GM"]
[WhiteElo "2446"]
[BlackElo "2538"]
[WhiteFideId "14168766"]
[BlackFideId "4277023"]
[EventDate "2026.03.02"]

1. d4 Nf6 2. c4 c5 3. d5 e6 4. Nf3 d6 5. Nc3 exd5 6. cxd5 g6 7. Bf4 a6 8. a4 Bg7
9. e3 O-O 10. h3 Qe7 11. Bd3 Nbd7 12. O-O Rb8 13. Re1 Ne8 14. Nd2 Ne5 15. Bf1
Nc7 16. a5 f5 17. Qc2 b5 18. axb6 Rxb6 19. Nc4 Nxc4 20. Bxc4 g5 21. Bh2 Kh8 22.
Ra2 Bd7 23. Na4 Rb4 24. Nxc5 Rxc4 25. Qxc4 Bb5 26. Qb3 dxc5 27. d6 Qe6 28. Qa3
Nd5 29. Qxc5 Nb4 30. Ra3 Nd3 31. Rxd3 Bxd3 32. Rd1 Bb5 33. d7 Bxd7 34. Rd6 Rc8 0-1

[Event "American Cup Blitz 2026"]
[Site "Saint Louis USA"]
[Date "2026.03.02"]
[Round "4.23"]
[White "Kantor, Gergely"]
[Black "Rorrer, Grayson"]
[Result "1-0"]
[WhiteTitle "GM"]
[BlackTitle "IM"]
[WhiteElo "2515"]
[BlackElo "2415"]
[WhiteFideId "751499"]
[BlackFideId "30944996"]
[EventDate "2026.03.02"]

1. Nf3 d5 2. e3 Nf6 3. c4 e6 4. b3 c5 5. Bb2 Nc6 6. cxd5 exd5 7. Bb5 Bd6 8. O-O
O-O 9. h3 Re8 10. Nc3 Bf5 11. Rc1 a6 12. Bxc6 bxc6 13. d4 c4 14. Ne5 cxb3 15.
Nxc6 Qc8 16. Ne5 Bc2 17. Qf3 Qb7 18. axb3 Qxb3 19. Qe2 Bf5 20. Ng4 Nd7 21. Ba1
Ba3 22. Rcd1 Rec8 23. Nb1 Rc2 24. Qf3 Bg6 25. Nd2 Qb5 26. e4 Bb4 27. Qf4 dxe4
28. Nxe4 Qf5 29. Qxf5 Bxf5 30. Ng3 Bg6 31. Ne3 Rcc8 32. d5 a5 33. h4 f6 34. h5
Bf7 35. Ngf5 Bxh5 36. g4 Bg6 37. d6 Kf7 38. Ne7 Re8 39. f4 Be4 40. Nc4 Bc2 41.
Rd5 Bb3 42. Rc1 Ra6 43. Nf5 Rc8 44. Re1 Bxc4 45. Re7+ Kf8 46. Rd1 Bc5+ 47. Kh2
g6 48. Nh4 Bxd6 49. Rxh7 Bxf4+ 50. Kh3 Bf7 51. Rxd7 Ke8 52. Rhxf7 Be5 53. Rfe7+
Kf8 54. Nxg6+ 1-0

[Event "American Cup Blitz 2026"]
[Site "Saint Louis USA"]
[Date "2026.03.02"]
[Round "4.24"]
[White "Bilych, Oleksii"]
[Black "Heimann, Mark"]
[Result "1-0"]
[WhiteTitle "IM"]
[BlackTitle "GM"]
[WhiteElo "2450"]
[BlackElo "2511"]
[WhiteFideId "14156504"]
[BlackFideId "2028441"]
[EventDate "2026.03.02"]

1. e4 e5 2. Nf3 Nc6 3. Nc3 Nf6 4. Bb5 Bb4 5. d3 d6 6. O-O O-O 7. h3 h6 8. Be3
Ne7 9. Ne2 c6 10. Ba4 Ng6 11. Ng3 d5 12. Bb3 Re8 13. c3 Ba5 14. Re1 d4 15. Bd2
dxc3 16. Bxc3 Be6 17. d4 exd4 18. Nxd4 Bxc3 19. bxc3 Bxb3 20. Qxb3 Qc7 21. Re3
Rad8 22. Rae1 Nf4 23. Ngf5 Kh7 24. c4 g6 25. e5 gxf5 26. exf6 Rg8 27. Nxf5 Rxg2+
28. Kf1 Rh2 29. Ng3 Nxh3 30. Qc2+ 1-0

[Event "American Cup Blitz 2026"]
[Site "Saint Louis USA"]
[Date "2026.03.02"]
[Round "4.25"]
[White "Wang, Tianqi"]
[Black "Chirila, Ioan-Cristian"]
[Result "0-1"]
[WhiteTitle "IM"]
[BlackTitle "GM"]
[WhiteElo "2331"]
[BlackElo "2506"]
[WhiteFideId "2063824"]
[BlackFideId "1211668"]
[EventDate "2026.03.02"]

1. Nf3 Nf6 2. c4 g6 3. d4 Bg7 4. e3 b6 5. Be2 Bb7 6. O-O O-O 7. b4 c5 8. b5 a6
9. Bb2 axb5 10. cxb5 Ne4 11. Qc2 d6 12. a4 Nd7 13. Na3 Ra7 14. Bd3 Qa8 15. Nc4
Rc8 16. Qd1 cxd4 17. exd4 Bd5 18. Ne3 Nc3 19. Bxc3 Bxf3 20. Qd2 Bb7 21. Rfc1
Rxa4 22. Rxa4 Qxa4 23. Ra1 Qb3 24. Bb2 Nc5 25. Bc4 Ne4 26. Qe2 Qb4 27. Ba3 Qc3
28. Bb2 Qd2 29. Bd5 Qxe2 0-1

[Event "American Cup Blitz 2026"]
[Site "Saint Louis USA"]
[Date "2026.03.02"]
[Round "4.26"]
[White "Sukandar, Irine Kharisma"]
[Black "Celik, Hasan Huseyin"]
[Result "0-1"]
[WhiteTitle "IM"]
[BlackTitle "IM"]
[WhiteElo "2330"]
[BlackElo "2495"]
[WhiteFideId "7101937"]
[BlackFideId "44506759"]
[EventDate "2026.03.02"]

1. d4 Nf6 2. Bf4 e6 3. e3 h6 4. Bd3 c5 5. Nd2 Nc6 6. c3 b6 7. h3 Bb7 8. Ngf3 d5
9. O-O Bd6 10. Bxd6 Qxd6 11. Qe2 O-O 12. e4 dxe4 13. Nxe4 Nxe4 14. Qxe4 f5 15.
Qe2 cxd4 16. Bc4 Rae8 17. Rad1 Kh7 18. Nxd4 Nxd4 19. Rxd4 Qc6 20. f4 Rd8 21.
Rfd1 Rxd4 22. Rxd4 Rf6 23. Qf2 Rg6 24. Bf1 Qc7 25. Qd2 Be4 26. Rd7 Qc5+ 27. Qd4
Qc6 28. Rd6 Qb7 29. Rd7 Qc6 30. Rd6 Qc7 31. a4 Bd5 32. Qe5 0-1

[Event "American Cup Blitz 2026"]
[Site "Saint Louis USA"]
[Date "2026.03.02"]
[Round "4.27"]
[White "Atwell, Rose"]
[Black "Boyer, Mahel"]
[Result "1/2-1/2"]
[WhiteTitle "FM"]
[BlackTitle "GM"]
[WhiteElo "2337"]
[BlackElo "2486"]
[WhiteFideId "30951011"]
[BlackFideId "45102422"]
[EventDate "2026.03.02"]

1. d4 d5 2. c4 e6 3. Nf3 Nc6 4. e3 Nf6 5. Nc3 Be7 6. Be2 O-O 7. O-O b6 8. cxd5
exd5 9. b3 Bb7 10. Bb2 a6 11. Rc1 Bd6 12. Bd3 Re8 13. Nd2 Ne7 14. Qc2 Ng6 15.
Rfe1 Rc8 16. Bf5 Rb8 17. f3 c5 18. dxc5 Bxc5 19. Nf1 Nh4 20. Na4 Bb4 21. Red1 b5
22. Nc3 Qe7 23. Ne2 g6 24. Bh3 Bd6 25. Nd4 Be5 26. Qf2 g5 27. Nc6 Bxc6 28. Rxc6
Kg7 29. Rdc1 a5 30. f4 Bxb2 31. fxg5 Ne4 32. Qxb2+ Kg8 33. Rc7 Qxg5 34. Qe2 h5
35. Kh1 Rb6 36. g3 Ng6 37. Rc8 Rxc8 38. Rxc8+ Kh7 39. Nd2 Nxd2 40. Qxd2 Rf6 41.
Rc7 h4 42. g4 Qe5 43. Rc1 Qe4+ 44. Bg2 Qxg4 45. Bxd5 h3 46. Rg1 Qf5 47. Qd4 Rd6
48. Be4 Rxd4 49. Bxf5 Rd2 50. Bxh3 Rxa2 51. Rf1 Kg7 52. Rf5 b4 53. Bf1 Rc2 54.
Bc4 a4 55. Rxf7+ Kh6 56. Ra7 a3 57. Bd3 Rc1+ 58. Kg2 Ne5 59. Be4 Kg5 60. Ra5 Kf6
61. Ra6+ Ke7 62. h4 Rc3 63. h5 Ng4 64. Kf3 Nxe3 65. h6 Nf5+ 66. Kf4 Nxh6 67.
Rxh6 Rxb3 68. Ra6 Rc3 69. Bd5 Kd7 70. Ke5 Kc7 71. Kd4 Rc2 72. Kd3 Rc3+ 73. Kd2
Rc5 74. Bb3 Rc3 75. Ba2 Rh3 76. Kc2 Kb7 77. Ra4 Rh4 78. Kb3 Kb6 79. Ra8 Kc5 80.
Rc8+ Kb5 81. Rb8+ Kc5 82. Ka4 Rf4 83. Rc8+ Kb6 84. Bc4 Kb7 85. Rc5 Kb6 86. Kxb4
a2 87. Rb5+ Kc6 88. Ra5 Rf2 89. Bxa2 Kd6 90. Bc4 Kc7 91. Kc5 Kd7 92. Ra7+ Ke8
93. Kd6 Kf8 94. Ke6 Rf3 95. Bd5 Rf1 96. Rh7 Kg8 97. Rd7 Kf8 98. Be4 Ra1 99. Bf5
Ra6+ 100. Ke5 Rh6 101. Be6 Rg6 102. Kf5 Rg7 103. Rd8+ Ke7 104. Rd5 Kf8 105. Kf6
Rf7+ 106. Kg6 Rg7+ 107. Kf6 Rf7+ 108. Ke5 Rg7 109. Kd6 Rg6 110. Rf5+ Kg7 111.
Rf7+ Kh6 112. Ke5 Rg7 113. Rf1 Kg5 114. Rg1+ Kh6 115. Rh1+ Kg5 116. Rh2 Rg6 117.
Bf5 Rg7 118. Rg2+ Kh6 119. Rd2 Kg5 120. Rh2 Re7+ 121. Be6 Rg7 122. Rh1 Rg6 123.
Bd5 Rg7 124. Be4 Re7+ 125. Kd4 Kf4 126. Rf1+ Kg5 127. Ke3 Ra7 128. Rf5+ Kg4 129.
Rf8 Rg7 130. Rf1 Kg5 131. Kd4 Rd7+ 132. Bd5 Re7 133. Be4 Rd7+ 134. Ke5 Re7+ 135.
Kd5 Ra7 136. Ke6 Rg7 137. Bf5 Kh6 138. Rh1+ Kg5 139. Ke5 Re7+ 140. Be6 Rg7 141.
Ke4 1/2-1/2

[Event "American Cup Blitz 2026"]
[Site "Saint Louis USA"]
[Date "2026.03.02"]
[Round "4.28"]
[White "Caglar, Sila"]
[Black "Raja, Harshit"]
[Result "0-1"]
[WhiteTitle "WIM"]
[BlackTitle "GM"]
[WhiteElo "2215"]
[BlackElo "2472"]
[WhiteFideId "6364063"]
[BlackFideId "5089000"]
[EventDate "2026.03.02"]

1. e4 c5 2. Nf3 d6 3. Bb5+ Nd7 4. O-O a6 5. Bxd7+ Bxd7 6. c3 e6 7. d4 Ne7 8. Re1
Ng6 9. Nbd2 Be7 10. Nf1 O-O 11. Ng3 Rc8 12. Be3 cxd4 13. cxd4 Qb6 14. Qd2 d5 15.
exd5 Bb4 16. Qe2 Bb5 17. Qd1 Bxe1 18. Nxe1 exd5 19. Qh5 Rfe8 20. Qxd5 Bc6 21.
Qb3 Qxb3 22. axb3 Bd5 23. b4 Nh4 24. Bg5 Ng6 25. Be3 h6 26. Ne2 Ne7 27. Nc3 Bc6
28. Nd3 Nd5 29. Nxd5 Bxd5 30. Nf4 Be4 31. Bd2 Rc2 32. Bc3 f6 33. Nh5 Kf7 34. Ng3
Bd5 35. h4 g5 36. hxg5 hxg5 37. f3 g4 38. Ra5 gxf3 39. gxf3 Bxf3 40. Nf5 Rh8 0-1

[Event "American Cup Blitz 2026"]
[Site "Saint Louis USA"]
[Date "2026.03.02"]
[Round "4.29"]
[White "Putnam, Liam"]
[Black "Krush, Irina"]
[Result "1-0"]
[WhiteTitle "IM"]
[BlackTitle "GM"]
[WhiteElo "2485"]
[BlackElo "2402"]
[WhiteFideId "30938279"]
[BlackFideId "2012782"]
[EventDate "2026.03.02"]

1. e4 c5 2. Nf3 d6 3. d4 cxd4 4. Nxd4 Nf6 5. Nc3 Nc6 6. Bc4 e6 7. Bb3 Be7 8. Be3
a6 9. Qe2 Na5 10. g4 Nxb3 11. axb3 O-O 12. g5 Nd7 13. h4 Ne5 14. f4 Nc6 15. Nxc6
bxc6 16. h5 f5 17. O-O-O Qa5 18. Kb1 c5 19. Bd2 Qc7 20. h6 g6 21. exf5 Rxf5 22.
Ne4 d5 23. Nf2 Bd7 24. Rhe1 a5 25. Ng4 a4 26. bxa4 Rxa4 27. b3 Ra3 28. Bc1 Ra8
29. Bb2 d4 30. Ne5 Bc8 31. Qc4 Rxf4 32. Nd3 Rf5 33. Bxd4 Qa7 34. Rxe6 Rf7 35.
Rxg6+ hxg6 36. h7+ Kxh7 37. Qxf7# 1-0